| 000 | 02217nam2a2200385 4500 | ||
|---|---|---|---|
| 001 | v19\rc\2105732 | ||
| 005 | 20250620044724.0 | ||
| 035 | _a(NLR Aleph) 005178435 | ||
| 090 |
_a5117367 _c5117367 |
||
| 100 | _a20090914d1811 |||y0rusy50 ca | ||
| 101 | 0 | _arus | |
| 102 | _aRU | ||
| 135 | _acrcn 024anaba | ||
| 140 | _ay y da yaa0000 | ||
| 200 | 1 | _aО строевой службе | |
| 210 |
_d1811 _aБ. м. |
||
| 215 | _a[2], 212, IV с. | ||
| 316 |
_aЭкз. РНБ (18.66.5.63) в составном картонном пер., обтянутом "мраморной" бумагой, с кожаными коричневыми корешком и уголками. Корешок гладкий, с золотым тиснением (почти полностью утрачен). На нижней крышке пер. экслибрис рус. фонда ГПБ с шифром. На форзаце ярлык с шифром РНБ. На тит. л., с.33, 212 и IV круглый штамп ГПБ. Размер: 20,3х13х2,2 см _5NLR: 18.66.5.63 |
||
| 325 | _aКопия доступна в Электрон. б-ке РНБ | ||
| 461 | 0 |
_1001v19\rc\2105731 _12001#$aВоинской устав о пехотной службе$vЧ. 1 _95117362 _cВ С. Петербурге _d1811 _nпечатано в типографии Ученаго комитета по артиллерийской части _tВоинской устав о пехотной службе _vЧ. 1 |
|
| 801 | 0 |
_aRU _bNLR _gpsbo |
|
| 801 | 1 |
_aRU _bProSoft-M _2rusmarc |
|
| 801 | 2 |
_aRU _bNLR _c20150514 _2rusmarc |
|
| 852 |
_aNLR _j18.66.5.63 |
||
| 942 | _cBOOK | ||
| 980 | _aNB | ||
| 980 | 3 | _akpcivil2020 | |
| 980 | 3 | _akp2020 | |
| 980 | 3 | _akp | |
| 981 | 2 | 2 |
_a(22) Материалы по истории России _b(22) Военное дело |
| 981 | 2 | 0 |
_a(20) Книжные памятники РНБ _b(20) Русский книжный фонд |